| 000 | 00451nam a2200157 i 4500 | ||
|---|---|---|---|
| 001 | 88523 | ||
| 003 | ES-MaACL | ||
| 007 | t| | ||
| 008 | 050104s1974 sp ||||1| spa d | ||
| 100 | 1 |
_aLama Chamorro, César de la. _969752 |
|
| 245 | 1 | 0 |
_aJuan Carlos, camino del trono / _cCésar de la Lama. |
| 250 | _a[1ª ed.]. | ||
| 260 |
_a[Madrid] : _bSedmay, _c[1974] |
||
| 300 |
_a271 p., 36 lám. : _bil. ; _c21 cm. |
||
| 852 |
_aES-MaACL _jE-6560 _bR.91120 |
||
| 999 |
_c88523 _d88523 |
||